Himalayan environment: issues and concerns of conservation and development (Record no. 178)

MARC details
000 -LEADER
fixed length control field 00433nam a2200157Ia 4500
003 - CONTROL NUMBER IDENTIFIER
control field OSt
005 - DATE AND TIME OF LATEST TRANSACTION
control field 20231207164029.0
008 - FIXED-LENGTH DATA ELEMENTS--GENERAL INFORMATION
fixed length control field 230125s9999 xx 000 0 und d
020 ## - INTERNATIONAL STANDARD BOOK NUMBER
International Standard Book Number 8173412243
082 ## - DEWEY DECIMAL CLASSIFICATION NUMBER
Classification number 551.695
Item number DANH
100 ## - MAIN ENTRY--PERSONAL NAME
Personal name Dang, Hari, ed.
245 #0 - TITLE STATEMENT
Title Himalayan environment: issues and concerns of conservation and development
260 ## - PUBLICATION, DISTRIBUTION, ETC.
Name of publisher, distributor, etc. Indian Publishers Distributors
Date of publication, distribution, etc. 2003
Place of publication, distribution, etc. Delhi
300 ## - PHYSICAL DESCRIPTION
Extent 495
942 ## - ADDED ENTRY ELEMENTS (KOHA)
Koha item type Book
Source of classification or shelving scheme Dewey Decimal Classification
Holdings
Withdrawn status Lost status Source of classification or shelving scheme Damaged status Not for loan Collection code Home library Current library Shelving location Date acquired Cost, normal purchase price Full call number Barcode Date last seen Price effective from Koha item type Public note
    Dewey Decimal Classification     Non-fiction RIC Library RIC Library General Stacks 01/25/2023 305.00 551.695 DANH 000177 01/25/2023 01/25/2023 Book R-9.3

Venue

Rajasthan International Centre
Sansthan Path,JLN Marg, Jaipur- 302017
Phone: +91-7230904025